000 00645nam a2200229 a 4500
001 000014855
005 20200929163917.0
008 100123s1995 sp 000 f spa d
020 _a8420646733
040 _aDO-SdBNP
_bspa
_cBNPHU
082 _a863.64
_bU54sa
100 1 _aUnamuno, Miguel de,
_d1864-1936
_96254
245 1 0 _aSan Manuel Bueno, mártir /
_cMiguel de Unamuno.
260 _aMadrid :
_bAlianza,
_c1995.
300 _a63, [1] p. ;
_c15 cm.
490 1 _aAlianza cien
_v73
650 4 _aNovela española
_91123
650 4 _aLiteratura española
_9632
830 0 _aAlianza cien ;
_v73
_912832
910 _aWM
049 _aBNGR
999 _c14435
_d14435